Normal view MARC view

Entry Topical Term

Number of records used in: 1

001 - CONTROL NUMBER

  • control field: 29406

003 - CONTROL NUMBER IDENTIFIER

  • control field: OSt

005 - DATE AND TIME OF LATEST TRANSACTION

  • control field: 20211105135251.0

008 - FIXED-LENGTH DATA ELEMENTS

  • fixed length control field: 211105|| aca||aabn | a|a d

040 ## - CATALOGING SOURCE

  • Original cataloging agency: OSt
  • Transcribing agency: OSt

150 ## - HEADING--TOPICAL TERM

  • Topical term or geographic name entry element: Astronomical matter

670 ## - SOURCE DATA FOUND

  • Source citation: Work cat.: (OSt): Conference on Equation-of-State and Phase-Transition Issues in Models of Ordinary Astrophysical Matter The Netherlands 2004 June 2 -11 29405, Equation-of-state and phase-transition issues in models of ordinary astrophysical matter, 2004

Powered by Koha